| 000 | 00382nam a2200145Ia 4500 | ||
|---|---|---|---|
| 008 | 150201s2009 xx 000 0 und d | ||
| 082 |
_a617.6 _bA2009T |
||
| 100 | _aTARDIEU, PHILIPPE | ||
| 245 | _aTHE ART OF THE COMPUTER- GUIDED IMPLANTOLOGY | ||
| 250 | _a1ST | ||
| 260 |
_bQUINTESSENCE PUBLICATION _aCHICAGO _c2009 |
||
| 300 | _a1-230 | ||
| 650 | _aIMPLANTOLOGY | ||
| 942 |
_2ddc _cBK |
||
| 999 |
_c4474 _d4474 |
||